000 00225nam a22001097a 4500
020 _a9780752866291
082 _aK760
100 _aGOSCINNY, RENE
245 _aASTERIX AND THE CAULDRON - BOOK 13
300 _a48P
942 _cBK
999 _c4086
_d4086